000 01868nam a22004697a 4500
001 000107612
003 CHAP
005 20220817044544.0
008 121015s2012 mx r 00010 spa d
010 _a104074
011 _a105046
035 _a115738
040 _cCHAP
090 _aTesis
100 1 _aMartínez Villarreal, Sandra Edith.
_972628
245 1 0 _aComportamiento de la comunidad de nemátodos en el cultivo de maíz (Zea mays), inoculado con hongos micorrízicos
_h[En línea]
_c/por Sandra Edith Martínez Villarreal.
260 _aChapingo, Méx. :
_bEl autor,
_c2012.
500 _aPara ver el contenido del material haga clic en la liga
502 _aTesis (M.C. en Protección Vegetal) -- UACH. Departamento de Parasitología Agrícola
590 _aALEPH
_b10
_c20130110
_lUCH01
_h1547
590 _aBATCH-UPD
_b10
_c20130110
_lUCH01
_h0332
590 _aBATCH-UPD
_b10
_c20130110
_lUCH01
_h0349
590 _aBATCH-UPD
_b10
_c20130110
_lUCH01
_h0400
590 _aBATCH-UPD
_b10
_c20130409
_lUCH01
_h2242
590 _aBATCH-UPD
_b10
_c20130409
_lUCH01
_h2308
590 _aBATCH-UPD
_b10
_c20130409
_lUCH01
_h2332
590 _aBATCH-UPD
_b10
_c20130914
_lUCH01
_h0143
590 _aBATCH-UPD
_b10
_c20130914
_lUCH01
_h0146
590 _aBATCH-UPD
_b10
_c20140324
_lUCH01
_h1535
590 _aBATCH-UPD
_b10
_c20141002
_lUCH01
_h0856
590 _aCONVERSION
_b10
_c20130109
_lUCH01
_h1357
590 _aE11695DGD
_b10
_c20160504
_lUCH01
_h1337
650 0 4 _aMaíz
_xEnfermedades por nemátodos.
_970942
650 0 4 _aMicorriza.
_975486
650 0 4 _aNemátodos parásitos de plantas.
856 _3Finding aid
_uhttp://10.13.5.2/tesis/115738.pdf
_zTeclea aqui
901 _aBK
942 _cFOLL
942 _n0
949 _aTesis
_bBC
_cTES
_d33724002348900
_eTS2
_fc.2
_h54176
_i115738
_st
949 _aTesis
_bBC
_cTES
_d33724002348941
_eTS1
_h54175
_i115738
_st
999 _c104074
_d104074